000 00656nam a2200205 i 4500
001 59238
003 ES-MaACL
005 20260201160543.0
007 t|
008 031028s1965 sp e ||||1| spa d
080 _a(031)
245 0 0 _aEnciclopedia internacional Focus /
_cIgnacio Agustí ... [et al.].
260 _aBarcelona :
_bArgos,
_c[1965]
300 _a5 v. :
_bil. col. y n. ;
_c25 cm.
505 8 _aContiene: 2. Ciliados-fyvaller - 3. G-lluvia - 4. M-psicofísica - 5. Psi-vap. - 6. Var-z
650 _aEnciclopedias.
_912235
700 1 _aAgustí, Ignacio,
_d1913-1974
_918909
852 4 _aES-MaACL
_jP-986-bis
999 _c59238
_d59238